| 000 | 00636nam a2200133Ia 4500 | ||
|---|---|---|---|
| 008 | 151213s9999 xx 000 0 und d | ||
| 100 | _aঅর্থ বিভাগ অর্থ মন্ত্রণালয়। | ||
| 245 |
_aবাংলাদেশ অর্থনৈতিক সমীক্ষা - ২০০৪ _cঅর্থ বিভাগ অর্থ মন্ত্রণালয়। |
||
| 260 |
_aঢাকা _bঅর্থ মন্ত্রণালয়। _c2004 |
||
| 300 | _a1907 p. | ||
| 650 | _aBangla | ||
| 700 | _aঅর্থ বিভাগ অর্থ মন্ত্রণালয়। | ||
| 999 |
_c1411 _d1411 |
||